000 00332nam a22001457a 4500
008 230512b ||||| |||| 00| 0 eng d
020 _a9780321892348
041 _aeng
080 _2FIFTH EDITION
_a575
082 _a575SUC
100 _a13
101 _aBIOKIMI
245 _aCONCEPTUAL CHEMISTRY
_cSUCHOCKI.J
942 _2udc
_cBK
999 _c59699
_d59699